Koncepcia a metodológia prototypu systému modelov pre makroekonomické analýzy

Uložené v:
Podrobná bibliografia
Médium: Kniha
Jazyk:Slovak
Vydavateľské údaje: Bratislava Výskumné výpočtové stredisko 1979
Edícia:Výskumné práce, č. 171
Tagy: Pridať tag
Žiadne tagy, Buďte prvý, kto otaguje tento záznam!

MARC

LEADER 00000nam a2200000 4500
001 0220102
005 20240822101657.3
041 0 |a slo 
044 |a SK 
245 1 0 |a Koncepcia a metodológia prototypu systému modelov pre makroekonomické analýzy 
264 1 |a Bratislava  |b Výskumné výpočtové stredisko  |c 1979 
300 |a 221 s. 
490 1 |a Výskumné práce, č. 171 
830 0 |a Výskumné práce, č. 171